| 000 | 00648nam a2200229Ia 4500 | ||
|---|---|---|---|
| 003 | BUBTL | ||
| 008 | 151213s9999 xx 000 0 und d | ||
| 020 | _a9847002001496 | ||
| 082 | _a824.8/ D3681c/ 2011 | ||
| 100 |
_aDeighton, K. _95009 |
||
| 245 |
_aCoverley Papers from the Spectator : _cK. Deighton |
||
| 250 | _a1st Edn. | ||
| 260 |
_aNew Delhi _bFriends Book Corner _cc2011 |
||
| 300 |
_a[xxix],294p. : _b18 cm |
||
| 500 | _aIncludes Index | ||
| 650 | 0 |
_aEnglish Literature _91994 |
|
| 650 | _a | ||
| 700 |
_aK. Deighton _95010 |
||
| 856 |
_k0 _l0 _yDownload |
||
| 942 |
_2ddc _cBK |
||
| 999 |
_c1702 _d1702 |
||